Návrh riešenia zákazníckej reklamácie "nezalemovaný diel" metodikou Global 8D

Guardado en:
Detalles Bibliográficos
Autor principal: Gergelová, Martina, 1989- (Autor)
Otros Autores: Mĺkva, Miroslava, 1969- (Orientador)
Formato: Manuscrito Libro
Lenguaje:eslovaco
Publicado: Trnava : STU v Bratislave MTF UBEI, 2014
Materias:
Acceso en línea:VAIS
Etiquetas: Agregar Etiqueta
Sin Etiquetas, Sea el primero en etiquetar este registro!

MARC

LEADER 00000ntm a22000003a 4500
001 stu293198
005 20150617230317.8
008 140708s2014----xo------------------slo-d
040 |a STU  |b slo 
041 0 |a slo 
044 |a xo 
100 1 |a Gergelová, Martina,  |d 1989-  |4 aut  |u M  |T MTF Materiálovotechnologická fakulta  |X 45903  |U M  |Y 60  |7 A000045903 
242 0 0 |a Proposal of solution for customer complaints "not crimping part" based on methodology Global 8D  |y eng 
245 1 |a Návrh riešenia zákazníckej reklamácie "nezalemovaný diel" metodikou Global 8D 
260 |a Trnava :  |b STU v Bratislave MTF UBEI,  |c 2014 
300 |a 63s  |c CD 
650 7 |a kvalita produkcie  |2 stusub 
650 7 |a Production Quality  |2 estusub 
650 7 |a manažérstvo kvality  |2 stusub 
700 1 |a Mĺkva, Miroslava,  |d 1969-  |4 ths  |u M4000  |U MTF Materiálovotechnologická fakulta  |T MTF Ústav priemyselného inžinierstva a manažmentu  |X 4176  |U M4000  |Y 84  |7 A000004176 
856 4 |a info a plný text  |u http://is.stuba.sk/zp/portal_zp.pl?podrobnosti=87658  |3 VAIS 
996 |c M*BP-6846  |l MMSKP  |s P  |a 0  |w stu293198_0001